000 00718cam a22002531 4500
999 _c23742
_d23742
001 1234233
003 BDDh-ASL
005 20231015030300.0
008 710426s1967 enk b 000 0beng
010 _a 68098294
015 _aB68-00926
040 _aDLC
_cDLC
_dDLC
_dOCoLC
_dBDDh-ASL
050 0 0 _aBP75
_b.H8 1967b
082 0 0 _a297.63
_bHUP
100 1 _aHusain, S. Athar,
_d1920-
245 1 0 _aProphet Muhammad and his mission /
260 _aLondon :
_bAsia Publishing House,
_c1967.
300 _axi, 214 p. :
_c23 cm.
350 _a28/-
504 _aBibliography: p. 207-210.
600 0 0 _aMuḼammad,
_cProphet,
_d-632.
906 _a7
_bcbc
_corignew
_du
_eopcn
_f19
_gy-gencatlg
942 _2ddc
_cBK